<?xml version="1.0" encoding="UTF-8"?><collection xmlns="info:lc/xmlns/marcxchange-v2"><record format="Unimarc" type="bibliographic"><leader>00620cam 02200217  04500</leader><controlfield tag="001">1753885</controlfield><controlfield tag="003">http://id.bnportugal.gov.pt/bib/porbase/1753885</controlfield><controlfield tag="005">20030621183900.0</controlfield><datafield ind1=" " ind2=" " tag="010"><subfield code="a">0-85229-531-6</subfield></datafield><datafield ind1=" " ind2=" " tag="035"><subfield code="8">71543</subfield></datafield><datafield ind1=" " ind2=" " tag="095"><subfield code="a">PTBN00627462</subfield></datafield><datafield ind1=" " ind2=" " tag="100"><subfield code="a">19940711e19931952k  y0pory0103    ba</subfield></datafield><datafield ind1="0" ind2=" " tag="101"><subfield code="a">eng</subfield></datafield><datafield ind1=" " ind2=" " tag="102"><subfield code="a">US</subfield></datafield><datafield ind1="1" ind2=" " tag="200"><subfield code="a">&lt;The &gt;works</subfield><subfield code="f">of Aristotle</subfield></datafield><datafield ind1=" " ind2=" " tag="205"><subfield code="a">4 th. print</subfield></datafield><datafield ind1=" " ind2=" " tag="210"><subfield code="a">Chicago</subfield><subfield code="c">Encyclopaedia Britannica</subfield><subfield code="d">1993</subfield></datafield><datafield ind1=" " ind2=" " tag="215"><subfield code="a">2 v.</subfield><subfield code="d">24 cm</subfield></datafield><datafield ind1="2" ind2=" " tag="225"><subfield code="a">Great Books of the Western World</subfield><subfield code="v">7</subfield><subfield code="v">8</subfield></datafield><datafield ind1=" " ind2=" " tag="675"><subfield code="a">1(38)</subfield><subfield code="v">BN</subfield><subfield code="z">por</subfield><subfield code="3">297146</subfield></datafield><datafield ind1=" " ind2="0" tag="700"><subfield code="a">Aristóteles</subfield><subfield code="f">384-322 a.C.</subfield><subfield code="3">7065</subfield></datafield><datafield ind1=" " ind2="0" tag="801"><subfield code="a">PT</subfield><subfield code="b">BN</subfield><subfield code="g">RPC</subfield></datafield><datafield ind1=" " ind2=" " tag="977"><subfield code="1">81/VIII/6v</subfield><subfield code="2">coop</subfield><subfield code="4">UPLE</subfield><subfield code="6">mq1363863</subfield><subfield code="7">bc</subfield><subfield code="8">coop</subfield><subfield code="9">UPLE</subfield><subfield code="a">FG</subfield><subfield code="b">40691</subfield><subfield code="k">0</subfield></datafield></record></collection>